00539 2200205 4500001002100000005001500021035002000036007000300056008004100059020002100100082001000121084001600131100002000147245005900167260005200226300002200278990001100300990001100311990001100322INLIS00000000000774020210409034158 a0010-0321001110ta210409 g 0 ind  a979-9870640-31-6 aR.811 aR.811 WIL k0 aWILLY, Siswanto1 aKakikaki Telanjang :bKumpulan Sajak /cWilly Siswanto aPangkalpinang :bYayasan Aktualita Karsa,c2005 a84 hal. ;c21 cm. a4064 a a4064 a a4064 b